Laufey - Goddess (CLEAN) Lyrics - Statistics

General Stats
  • This quiz has been taken 4 times
  • The average score is 163 of 189
Answer Stats
Answer % Correct
a
100%
am
100%
Am
100%
Aphrodite
100%
bed
100%
But
100%
fool
100%
I
100%
instead
100%
me
100%
me?
100%
Me
100%
much
100%
my
100%
no
100%
so
100%
star
100%
stole
100%
this
100%
to
100%
Too
100%
took
100%
up
100%
want
100%
wanted
100%
When
100%
when
100%
Who
100%
with
100%
Woke
100%
you
100%
You
100%
your
100%
youth
100%
alone
75%
always
75%
and
75%
And
75%
as
75%
at
75%
bone
75%
by
75%
can't
75%
Could've
75%
damn
75%
deceived
75%
even
75%
felt
75%
for
75%
game
75%
glamour
75%
goddess
75%
goes
75%
growing
75%
Guess
75%
have
75%
home
75%
Human
75%
I'm
75%
It
75%
it
75%
killed
75%
Kissed
75%
know
75%
light
75%
like
75%
love
75%
loved
75%
Made
75%
must
75%
naive
75%
not
75%
Not
75%
now
75%
of
75%
off
75%
old
75%
on
75%
play
75%
predicted
75%
ran
75%
Reduced
75%
rise
75%
skin
75%
stage
75%
still
75%
surprised
75%
tell
75%
that
75%
That
75%
Then
75%
think
75%
thirty
75%
thought
75%
version
75%
watched
75%
Were
75%
we're
75%
wore
75%
you'd
75%
you're
75%
glamor
50%
the
50%
No matching quizzes found
Score Distribution
Percent of People with Each Score
Percentile by Number Answered
Your Score History
You have not taken this quiz